[Event "Borgerhout - Wirtzfeld"]
[Site "?"]
[Date "2013.02.03"]
[Round "8.5"]
[White "Vedder, Richard"]
[Black "Boidman, Yuri"]
[Result "0-1"]
[WhiteElo "2333"]
[BlackElo "2438"]
[PlyCount "100"]
[EventDate "2013.??.??"]

1. e4 d5 2. exd5 Nf6 3. Nc3 Nxd5 4. Bc4 Nb6 5. Bb3 a5 6. a3 Nc6 7. Nf3 Bf5 8.
O-O e6 9. d3 Be7 10. Re1 O-O 11. Bf4 Bg4 12. Nb5 Bd6 13. Nxd6 cxd6 14. c3 a4
15. Ba2 d5 16. h3 Qf6 17. Bd6 Bxf3 18. Qxf3 Qxf3 19. gxf3 Rfc8 20. f4 g6 21.
Kg2 Na5 22. Kf3 Rc6 23. Be5 Nd7 24. Bd4 Rcc8 25. f5 gxf5 26. Rg1+ Kf8 27. Rae1
Nb3 28. Bxb3 axb3 29. Rg5 f6 30. Rh5 Ke7 31. Rxh7+ Kd6 32. Rg1 Rh8 33. Rxh8
Rxh8 34. Rh1 f4 35. c4 dxc4 36. dxc4 e5 37. Bc3 Ke6 38. Bb4 Kf5 39. c5 e4+ 40.
Ke2 Ne5 41. h4 f3+ 42. Kd2 Nd3 43. Rh2 Kf4 44. Ba5 Nxb2 45. Bc7+ Kg4 46. Rh1
Nd3 47. Ke3 b2 48. Rb1 Kf5 49. Bg3 Rd8 50. Bd6 Nxc5 0-1

[Event "Borgerhout - Wirtzfeld"]
[Site "?"]
[Date "2013.02.03"]
[Round "8.3"]
[White "Vedder, Henk"]
[Black "Van den Doel, Erik"]
[Result "1/2-1/2"]
[WhiteElo "2434"]
[BlackElo "2571"]
[PlyCount "112"]
[EventDate "2013.??.??"]

1. e4 c5 2. Nf3 e6 3. Nc3 a6 4. d4 cxd4 5. Nxd4 d6 6. Bd3 Nf6 7. O-O Nbd7 8. a4
b6 9. Qf3 Bb7 10. Qg3 Nc5 11. f3 g6 12. Be3 Bg7 13. Rad1 O-O 14. Nb3 Nxb3 15.
cxb3 d5 16. exd5 Nxd5 17. Nxd5 exd5 18. Rc1 Re8 19. Bg5 Bf6 20. h4 Bxg5 21.
hxg5 Qe7 22. Kh2 Qe3 23. Rfd1 Rac8 24. Rxc8 Rxc8 25. f4 Re8 26. Qxe3 Rxe3 27.
Kg1 d4 28. Kf2 Re7 29. Bc4 Re4 30. g3 a5 31. Be2 Re3 32. Rxd4 Rxb3 33. Rd8+ Kg7
34. Rd2 Bc6 35. Bd1 Rb4 36. b3 h6 37. gxh6+ Kxh6 38. Rd6 Be8 39. Ke3 b5 40. Rd4
Rxd4 41. Kxd4 bxa4 42. bxa4 g5 43. f5 g4 44. Ke5 Kg5 45. Bb3 f6+ 46. Ke6 Bc6
47. Bc2 Be8 48. Kd6 Bf7 49. Kc5 Be8 50. Kb6 Bxa4 51. Bxa4 Kxf5 52. Bd7+ Kg5 53.
Kxa5 f5 54. Kb4 f4 55. gxf4+ Kxf4 56. Bxg4 Kxg4 1/2-1/2

[Event "Borgerhout - Wirtzfeld"]
[Site "?"]
[Date "2013.02.03"]
[Round "8.1"]
[White "Van Eijk, Sander"]
[Black "Edouard, Romain"]
[Result "1/2-1/2"]
[WhiteElo "2491"]
[BlackElo "2646"]
[PlyCount "59"]
[EventDate "2013.??.??"]

1. e4 c5 2. Nc3 d6 3. Nf3 Nf6 4. d4 cxd4 5. Nxd4 Nc6 6. Bc4 Qb6 7. Nb3 e6 8.
Bf4 Ne5 9. Be2 a6 10. Be3 Qc7 11. f4 Nc4 12. Bxc4 Qxc4 13. Qd3 Qc7 14. h3 b5
15. a3 Bb7 16. O-O Be7 17. f5 O-O 18. Nd4 e5 19. Nde2 Qc6 20. Bg5 Nxe4 21. Nxe4
Bxg5 22. N2c3 Bd8 23. f6 Bxf6 24. Rxf6 gxf6 25. Nd5 Kg7 26. Nexf6 Qc5+ 27. Kh2
Bxd5 28. Rf1 Rfd8 29. Qxh7+ Kf8 30. Nd7+ 1/2-1/2

[Event "Borgerhout - Rochade "]
[Site "Eupen"]
[Date "2013.02.17"]
[Round "9.8"]
[White "Baert, Andy"]
[Black "Huesmann, Thomas"]
[Result "1/2-1/2"]
[WhiteElo "2173"]
[BlackElo "2240"]
[PlyCount "151"]
[EventDate "2013.??.??"]

1. d4 f5 2. e4 fxe4 3. Nc3 Nf6 4. Bg5 Nc6 5. d5 Ne5 6. Qe2 Nf7 7. Bxf6 exf6 8.
Nxe4 Qe7 9. d6 Qe6 10. dxc7 Bb4+ 11. c3 Ba5 12. Nf3 O-O 13. Nd4 Qd5 14. O-O-O
Qxa2 15. Qb5 d5 16. Nb3 Bxc7 17. Kc2 Qa6 18. Qxa6 bxa6 19. Nec5 Ne5 20. Rxd5 a5
21. Nd4 Re8 22. Bb5 Re7 23. Re1 g5 24. Bd3 Ng6 25. Nde6 Bb6 26. Kd2 Bxe6 27.
Nxe6 Bxf2 28. Re2 Bb6 29. Bc4 Kh8 30. Rf5 Ne5 31. Bd5 Rd7 32. c4 Rc8 33. Rfxe5
fxe5 34. b3 a4 35. b4 h6 36. Kd3 a3 37. Rxe5 a2 38. Re1 Re8 39. Kc3 Bd4+ 40.
Kxd4 Rxe6 41. Ra1 Re2 42. Kc5 Kg7 43. Kc6 Rde7 44. Kd6 R7e3 45. c5 Rd3 46. Kc6
Rdd2 47. b5 g4 48. b6 axb6 49. cxb6 Rc2+ 50. Kd6 Re8 51. Rxa2 Rd8+ 52. Ke6 Rxa2
53. Bxa2 Rb8 54. Kf5 Rxb6 55. Kxg4 Rd6 56. Bb1 Rd4+ 57. Kf5 Rd5+ 58. Kf4 Kf6
59. Be4 Rd4 60. g4 Rd1 61. h4 Rf1+ 62. Bf3 Kg6 63. Ke4 Rf2 64. Kf4 Rh2 65. Kg3
Rb2 66. Kf4 Rb8 67. Be4+ Kg7 68. Bf5 Rb3 69. Ke5 Rb4 70. Be4 Rb3 71. Bf5 Rf3
72. Be4 Rh3 73. Kf4 Rh2 74. Kg3 Rb2 75. Kf4 Rb4 76. Ke5 1/2-1/2

[Event "Borgerhout - Rochade "]
[Site "Eupen"]
[Date "2013.02.17"]
[Round "9.6"]
[White "Diepeveen, Vincent"]
[Black "Meessen, Rudolf"]
[Result "1-0"]
[WhiteElo "2314"]
[BlackElo "2326"]
[PlyCount "95"]
[EventDate "2013.??.??"]

1. e4 e6 2. d4 d5 3. Nc3 Bb4 4. e5 c5 5. a3 Bxc3+ 6. bxc3 Qc7 7. Qg4 Ne7 8.
Qxg7 Rg8 9. Qxh7 cxd4 10. Ne2 Nbc6 11. f4 dxc3 12. Qd3 d4 13. h3 Bd7 14. g4
O-O-O 15. Bg2 Qb6 16. Be4 Be8 17. g5 Na5 18. a4 Bc6 19. Ng3 Bxe4 20. Nxe4 Qc6
21. Kf2 Nf5 22. h4 Nc4 23. Rb1 Kb8 24. h5 Nfe3 25. Rg1 Nxc2 26. Nf6 Qxa4 27.
Nxg8 Rxg8 28. g6 fxg6 29. Rxg6 Rc8 30. Rg7 Nb6 31. h6 Qa2 32. Qe4 Rc7 33. Rxc7
Kxc7 34. h7 Qxb1 35. h8=Q Qxc1 36. Qhh7+ Nd7 37. Qxc2 Qxf4+ 38. Ke2 Qe3+ 39.
Kf1 b5 40. Qhe4 Qh3+ 41. Qeg2 Qxg2+ 42. Kxg2 Nc5 43. Qf2 Nd3 44. Qf7+ Kb8 45.
Qg8+ Kc7 46. Qh7+ Kc6 47. Qxd3 Kd5 48. Kf3 1-0

[Event "Borgerhout - Rochade "]
[Site "Eupen"]
[Date "2013.02.17"]
[Round "9.4"]
[White "De Haan, Eric"]
[Black "Fiebig, Thomas"]
[Result "1/2-1/2"]
[WhiteElo "2362"]
[BlackElo "2414"]
[PlyCount "59"]
[EventDate "2013.??.??"]

1. d4 d5 2. c4 e6 3. Nc3 c5 4. cxd5 exd5 5. Nf3 Nc6 6. g3 Nf6 7. Bg2 c4 8. O-O
Be7 9. Bg5 O-O 10. Ne5 Be6 11. b3 Rc8 12. bxc4 dxc4 13. Rb1 Nxd4 14. Rxb7 Rc5
15. Bf4 g5 16. Be3 Nxe2+ 17. Qxe2 Rxe5 18. Bb6 Rxe2 19. Bxd8 Bxd8 20. Nxe2 Bb6
21. Nc3 Rd8 22. Rd1 Rxd1+ 23. Nxd1 Nd5 24. Bxd5 Bxd5 25. Rb8+ Kg7 26. Rc8 Be6
27. Rc6 Kf6 28. Ne3 Ke5 29. Nxc4+ Kd5 30. Rxb6 1/2-1/2

[Event "Borgerhout - Rochade"]
[Site "Eupen"]
[Date "2013.02.17"]
[Round "9.2"]
[White "Vedder, Henk"]
[Black "Feygin, Michael"]
[Result "0-1"]
[WhiteElo "2434"]
[BlackElo "2538"]
[PlyCount "84"]
[EventDate "2013.??.??"]

1. e4 e6 2. d4 d5 3. Nc3 Bb4 4. Qd3 Nc6 5. Nf3 Nf6 6. e5 Nd7 7. Bg5 Be7 8. h4
h6 9. Bf4 Nb6 10. h5 a6 11. Rh3 Bd7 12. Rg3 Bf8 13. Qd2 Qe7 14. Rg4 O-O-O 15.
Bg3 f5 16. exf6 gxf6 17. Nh4 e5 18. Ng6 Qe8 19. Be2 Nc4 20. Bxc4 Bxg4 21. Nxd5
Nxd4 22. Kf1 Be6 23. Qa5 Rh7 24. Nxf8 Qxf8 25. c3 Nc6 26. Nb6+ Kb8 27. Qa4 Qf7
28. Bxe6 Qxe6 29. Qc4 Qd6 30. Qe4 Rg7 31. Nc4 Qd3+ 32. Qxd3 Rxd3 33. Ke2 Rd8
34. a4 Kc8 35. b4 Kd7 36. Ne3 Ke6 37. b5 Ne7 38. Kf3 Nf5 39. Nxf5 Kxf5 40. bxa6
bxa6 41. Ke2 Rg4 42. a5 Rd5 0-1

[Event "Borgerhout - KGSRL"]
[Site "?"]
[Date "2013.01.13"]
[Round "7.6"]
[White "Baert, Andy"]
[Black "Ruben, Akahayan"]
[Result "0-1"]
[WhiteElo "2173"]
[BlackElo "2288"]
[PlyCount "90"]
[EventDate "2013.??.??"]

1. e4 e5 2. Nf3 Nc6 3. Bb5 a6 4. Ba4 Nf6 5. d3 b5 6. Bb3 Be7 7. c3 O-O 8. Nbd2
d5 9. Qe2 d4 10. Nf1 dxc3 11. bxc3 b4 12. Ba4 Qd6 13. Bxc6 Qxc6 14. c4 Nd7 15.
Ne3 Qe6 16. O-O f6 17. Bd2 a5 18. h4 Nc5 19. Nd5 Bd8 20. Be3 Qd6 21. Rfd1 Ne6
22. d4 exd4 23. Nxd4 Nxd4 24. Bxd4 Qe6 25. Re1 c6 26. Nf4 Qg4 27. Qxg4 Bxg4 28.
f3 Bc7 29. Be3 Bxf4 30. Bxf4 Be6 31. Rac1 Rfd8 32. Kf2 Rd4 33. Re2 Bxc4 34. Be3
Bxe2 35. Bxd4 Bb5 36. h5 Kf7 37. h6 gxh6 38. Rh1 Kg6 39. Be3 h5 40. f4 Bc4 41.
f5+ Kg7 42. Rxh5 Bxa2 43. g4 b3 44. Bd4 Rd8 45. Bc3 b2 0-1

[Event "Borgerhout - KGSRL"]
[Site "?"]
[Date "2012.10.07"]
[Round "2.8"]
[White "Talon, Alain"]
[Black "Ducarmon, Renzo"]
[Result "0-1"]
[WhiteElo "2100"]
[BlackElo "2065"]
[PlyCount "88"]
[EventDate "2012.10.07"]

1. d4 Nf6 2. Nf3 g6 3. Nbd2 d5 4. e3 Bg7 5. b4 O-O 6. Bb2 Bg4 7. Be2 Nbd7 8. h3
Bf5 9. c4 c6 10. Qb3 a6 11. cxd5 cxd5 12. g4 Be4 13. g5 Ne8 14. Nxe4 dxe4 15.
Nd2 Nd6 16. h4 e6 17. a4 b5 18. a5 Rc8 19. Rc1 Rxc1+ 20. Bxc1 Qe7 21. Rg1 f6
22. Bg4 f5 23. Bh3 Rc8 24. Bb2 Nc4 25. Bc3 Qd6 26. Rh1 e5 27. Bf1 exd4 28. Nxc4
bxc4 29. Bxc4+ Kh8 30. exd4 Qc7 31. Bxa6 Qxc3+ 32. Qxc3 Rxc3 33. Kd2 Bxd4 34.
Bb7 Rc7 35. a6 Bxf2 36. h5 Kg7 37. h6+ Kf8 38. Rf1 e3+ 39. Ke2 Rc2+ 40. Kf3
Ne5+ 41. Kf4 e2 42. Rxf2 Rc4+ 43. Kxe5 e1=Q+ 44. Kf6 Qxf2 0-1

[Event "Borgerhout - KGSRL"]
[Site "KGSRL"]
[Date "2012.10.07"]
[Round "2.6"]
[White "Veltkamp, Gerben"]
[Black "Goormachtigh, Johan"]
[Result "1-0"]
[WhiteElo "2195"]
[BlackElo "2201"]
[PlyCount "73"]
[EventDate "2012.??.??"]

1. e4 c5 2. c3 Nf6 3. e5 Nd5 4. d4 cxd4 5. Nf3 e6 6. cxd4 d6 7. a3 Bd7 8. Bd3
Bc6 9. O-O Nd7 10. Re1 Rc8 11. Ng5 dxe5 12. dxe5 g6 13. Qf3 Qe7 14. Qg3 Bg7 15.
Nd2 h6 16. Ngf3 Nc5 17. Bc2 O-O 18. Nd4 b5 19. N2f3 Bd7 20. Qh3 Kh7 21. Bg5 Qe8
22. Rad1 Na4 23. Bc1 Rh8 24. Bb3 Nab6 25. Qg4 Nc4 26. h4 a6 27. Bc2 Kg8 28. Qg3
Rc7 29. b3 Ncb6 30. Bb2 Nc3 31. Rd3 Nbd5 32. Nd2 Qc8 33. Rf3 a5 34. Ne4 Nxe4
35. Bxe4 Ne7 36. Rd1 Nc6 37. Nxb5 1-0

[Event "Borgerhout - KGSRL"]
[Site "?"]
[Date "2012.10.07"]
[Round "2.4"]
[White "Diepeveen, Vincent"]
[Black "Van Oosterom, Chiel"]
[Result "0-1"]
[WhiteElo "2314"]
[BlackElo "2385"]
[PlyCount "58"]
[EventDate "2012.10.07"]

1. e4 c5 2. Nf3 d6 3. d4 cxd4 4. Nxd4 Nf6 5. f3 e5 6. Nb3 a5 7. c4 a4 8. N3d2
Nfd7 9. Nc3 Nc5 10. Be2 Nc6 11. O-O Be7 12. Ndb1 O-O 13. Na3 Nb4 14. Nc2 Nxc2
15. Qxc2 Bg5 16. Rd1 Bxc1 17. Raxc1 Ra6 18. Qd2 Ne6 19. c5 Rc6 20. Nxa4 Nd4 21.
b4 dxc5 22. Rxc5 Rd6 23. Kf1 Qh4 24. Rxe5 Qxh2 25. Rd5 Rg6 26. Qxd4 Rxg2 27.
Rh5 Bh3 28. Rxh3 Qxh3 29. Ke1 Qh4+ 0-1

[Event "Borgerhout - KGSRL"]
[Site "KGSRL"]
[Date "2012.10.07"]
[Round "2.2"]
[White "Wemmers, Xander"]
[Black "Van der Stricht, Geert"]
[Result "1/2-1/2"]
[WhiteElo "2403"]
[BlackElo "2412"]
[PlyCount "35"]
[EventDate "2012.??.??"]

1. d4 Nf6 2. c4 e6 3. Nf3 b6 4. Nc3 Bb7 5. Bg5 Be7 6. Qc2 d5 7. e3 O-O 8. Bd3
Nbd7 9. cxd5 exd5 10. O-O Ne4 11. Bf4 Nxc3 12. Bxh7+ Kh8 13. bxc3 g6 14. Bxg6
fxg6 15. Qxg6 Bf6 16. Qh6+ Kg8 17. Qg6+ Kh8 18. Qh6+ 1/2-1/2

[Event "Borgerhout - Fontaine"]
[Site "?"]
[Date "2012.11.18"]
[Round "4.8"]
[White "Concalves, Jorge"]
[Black "Herman, Jean"]
[Result "0-1"]
[WhiteElo "2095"]
[BlackElo "2153"]
[PlyCount "64"]
[EventDate "2012.??.??"]

1. d4 d5 2. Nf3 Nf6 3. Bf4 c5 4. c3 Nc6 5. dxc5 Ne4 6. Na3 f6 7. c4 d4 8. Qc2
Nxc5 9. Bd2 e5 10. Rd1 Bg4 11. h3 Bh5 12. b4 Bg6 13. Qb2 Ne4 14. Nc2 Nxd2 15.
Nxd2 Bxc2 16. Qxc2 Bxb4 17. e3 dxe3 18. fxe3 Qb6 19. Kf2 Bc5 20. Qb3 f5 21. Kf3
e4+ 22. Ke2 Nb4 23. g4 O-O 24. gxf5 Qh6 25. Nxe4 Qh5+ 26. Kd2 Rad8+ 27. Kc3
Rxd1 28. Nxc5 a5 29. Bg2 Rxh1 30. Bxh1 Qxf5 31. Bd5+ Kh8 32. Nd3 Qxd3+ 0-1

[Event "Borgerhout - Fontaine"]
[Site "?"]
[Date "2012.11.18"]
[Round "4.6"]
[White "Veltkamp, Gerben"]
[Black "Le Corre, Benjamin"]
[Result "1-0"]
[WhiteElo "2195"]
[BlackElo "2336"]
[PlyCount "153"]
[EventDate "2012.??.??"]

1. e4 c5 2. c3 Nf6 3. e5 Nd5 4. d4 cxd4 5. Nf3 e6 6. cxd4 d6 7. a3 Bd7 8. Bd3
Qb6 9. O-O Bb5 10. Re1 Nd7 11. Be4 Bc6 12. Nbd2 dxe5 13. Nc4 Qc7 14. Nfxe5 Nxe5
15. Nxe5 Bd6 16. Qh5 Nf6 17. Bxc6+ bxc6 18. Qh3 O-O 19. Bd2 Rab8 20. Nc4 Bf4
21. Bb4 Rfe8 22. g3 Bh6 23. Bd6 Qb7 24. Bxb8 Qxb8 25. b4 Nd5 26. Re5 Rf8 27.
Rae1 Qb5 28. Qf1 g6 29. Na5 Qa4 30. Qd3 Rd8 31. R5e2 Bg7 32. Nb7 Ra8 33. Rc1
Nc7 34. Na5 Nb5 35. Nxc6 Qxa3 36. Qxa3 Nxa3 37. Rc5 Bf8 38. Ra5 Nc4 39. Rxa7
Rxa7 40. Nxa7 Bxb4 41. Rc2 Nb6 42. Kf1 h5 43. h4 Nd5 44. Ke2 Be7 45. Nc6 Bf6
46. Kd3 g5 47. hxg5 Bxg5 48. Ke4 h4 49. Ne5 hxg3 50. Rc8+ Kg7 51. fxg3 Be7 52.
Rb8 f6 53. Nc6 Bd6 54. Rb7+ Kg6 55. Kf3 Ba3 56. Rd7 Nb6 57. Ra7 Bb2 58. Rb7 Nc4
59. Ke2 Ba3 60. Kd3 Nd6 61. Ra7 Bc1 62. Nd8 Nf5 63. Nxe6 Nxg3 64. Rg7+ Kf5 65.
Nc5 Nh5 66. Rg1 Bh6 67. Kc4 Nf4 68. Re1 Bf8 69. Re8 Bd6 70. Nb7 Ba3 71. d5 Ng6
72. Kb3 Bc1 73. d6 Ne5 74. Nc5 Kg4 75. d7 Nxd7 76. Nxd7 f5 77. Kc2 1-0

[Event "Borgerhout - Fontaine"]
[Site "?"]
[Date "2012.11.18"]
[Round "4.4"]
[White "Vedder, Richard"]
[Black "Maréchal, Andy"]
[Result "1/2-1/2"]
[WhiteElo "2333"]
[BlackElo "2380"]
[PlyCount "70"]
[EventDate "2012.??.??"]

1. e4 e6 2. d4 d5 3. Nc3 Nc6 4. Nf3 Nf6 5. Bg5 Be7 6. e5 Ne4 7. Bxe7 Qxe7 8. a3
Bd7 9. Qd3 Nxc3 10. Qxc3 f6 11. exf6 gxf6 12. Bb5 O-O-O 13. Bxc6 Bxc6 14. O-O-O
Rhg8 15. g3 Be8 16. Rde1 Bh5 17. Nd2 Rge8 18. f4 Kb8 19. Re3 Qd6 20. Rhe1 b6
21. Qb4 Bg4 22. Qb5 Rc8 23. Nb3 Ka8 24. a4 c5 25. a5 c4 26. axb6 Qxb6 27. Qxb6
axb6 28. Nd2 Kb7 29. Nb1 Ra8 30. Ra3 Rxa3 31. bxa3 Kc6 32. Nc3 Rg8 33. Kd2 Bf5
34. Rb1 Ra8 35. a4 h5 1/2-1/2

[Event "Borgerhout - Fontaine"]
[Site "?"]
[Date "2012.11.18"]
[Round "4.2"]
[White "Docx, Stefan"]
[Black "Cekro, Ekrem"]
[Result "1-0"]
[WhiteElo "2442"]
[BlackElo "2404"]
[PlyCount "139"]
[EventDate "2012.??.??"]

1. d4 Nf6 2. c4 e6 3. Nc3 Bb4 4. Qc2 c5 5. dxc5 O-O 6. a3 Bxc5 7. Nf3 d5 8.
cxd5 Nxd5 9. Nxd5 Qxd5 10. Bf4 Qf5 11. Qxf5 exf5 12. e3 Be6 13. Be2 Nc6 14. O-O
Rfd8 15. b4 Bb6 16. Rac1 h6 17. h4 Rac8 18. Rfd1 Rxd1+ 19. Bxd1 Rd8 20. Be2 f6
21. h5 Ne7 22. a4 a5 23. bxa5 Bxa5 24. Rb1 Bd5 25. Rb5 Bc3 26. Bc7 Rd7 27. Bb6
Be5 28. a5 Bc6 29. Rb3 Be4 30. Nd4 Bxd4 31. Bxd4 Nc6 32. Bc4+ Kh7 33. Bc3 Ne7
34. Bb4 Nc6 35. Be6 Rd1+ 36. Kh2 Nd8 37. Bc8 Rc1 38. Rc3 Rxc3 39. Bxc3 Kg8 40.
Bd4 Kf7 41. f3 Bd5 42. Bxf5 Nc6 43. Bc3 Ke7 44. Bc8 Na7 45. Bb4+ Ke8 46. Bf5
Nc6 47. Bc3 Ke7 48. Kg3 Kd6 49. Kf4 Kc5 50. e4 Bf7 51. Bc8 b5 52. axb6 Kxb6 53.
g4 Kc7 54. Ba6 Be6 55. Be2 Kd6 56. Ke3 Ke7 57. f4 Kf7 58. Bf3 Ba2 59. e5 Ne7
60. exf6 gxf6 61. Kd4 Bb3 62. Bb4 Ba4 63. Kc5 Bb3 64. Bd2 f5 65. g5 Ng8 66. Kd6
Ba2 67. Ke5 Ne7 68. Bb4 Bb1 69. Bxe7 Kxe7 70. gxh6 1-0

[Event "Borgerhout - Eynatten 2 "]
[Site "?"]
[Date "2012.12.02"]
[Round "5.3"]
[White "Wemmers, Xander"]
[Black "Kaufeld, Juergen"]
[Result "1-0"]
[WhiteElo "2403"]
[BlackElo "2337"]
[PlyCount "71"]
[EventDate "2012.12.02"]

1. d4 Nf6 2. c4 g6 3. Nc3 d5 4. Nf3 Bg7 5. cxd5 Nxd5 6. Qb3 Nb6 7. e4 a5 8. Be3
O-O 9. Be2 a4 10. Qc2 Nc6 11. Rd1 f5 12. O-O Kh8 13. Qc1 fxe4 14. Nxe4 Nd5 15.
Bh6 Bf5 16. Ng3 Qd6 17. Bxg7+ Kxg7 18. Nxf5+ Rxf5 19. g3 Raf8 20. Nh4 R5f7 21.
f4 Qe6 22. Bc4 Qe3+ 23. Qxe3 Nxe3 24. Bxf7 Nxd1 25. Rxd1 Kxf7 26. Nf3 Rd8 27.
Rc1 Ke6 28. Rc4 Ra8 29. Kf2 Kd5 30. Rc5+ Ke4 31. Ng5+ Kxd4 32. Ne6+ Kd3 33.
Rc3+ Kd2 34. Nc5 Ra7 35. Ne4+ Kd1 36. Ke3 1-0

[Event "Borgerhout - Eynatten 2"]
[Site "?"]
[Date "2012.12.02"]
[Round "5.7"]
[White "Baert, Andy"]
[Black "Vanstreels, Luk"]
[Result "0-1"]
[WhiteElo "2173"]
[BlackElo "2122"]
[PlyCount "52"]
[EventDate "2012.12.02"]

1. e4 c6 2. d4 d5 3. Nd2 dxe4 4. Nxe4 Bf5 5. Ng3 Bg6 6. Nh3 e6 7. Nf4 Bd6 8. h4
Bxf4 9. Bxf4 h6 10. h5 Bh7 11. Qd2 Nf6 12. O-O-O Nbd7 13. Bd6 Qb6 14. c4 c5 15.
dxc5 Nxc5 16. Qe3 Nce4 17. c5 Rc8 18. Nxe4 Nxe4 19. Bc4 Nxc5 20. b3 Qa5 21. Kb2
Na4+ 22. Ka1 Nc3 23. Qd2 Rd8 24. Rh3 Rxd6 25. Bb5+ Qxb5 26. Qxd6 Nxd1 0-1

[Event "Borgerhout - Eynatten 2"]
[Site "?"]
[Date "2012.12.02"]
[Round "5.5"]
[White "Diepeveen, Vincent"]
[Black "Dischinger, Frank"]
[Result "1-0"]
[WhiteElo "2314"]
[BlackElo "2187"]
[PlyCount "45"]
[EventDate "2012.12.02"]

1. e4 e5 2. Nf3 Nc6 3. d4 exd4 4. Nxd4 Nf6 5. Nxc6 bxc6 6. Bd3 d6 7. O-O Be7 8.
Nc3 O-O 9. f4 Nd7 10. Be3 Bf6 11. Rb1 Re8 12. Qf3 Bb7 13. e5 dxe5 14. Ne4 exf4
15. Bxf4 Bd4+ 16. Kh1 Nf8 17. c3 Bb6 18. Bg5 Qd5 19. c4 Qe6 20. c5 Nd7 21. cxb6
Ne5 22. Qg3 Nxd3 23. Nf6+ 1-0

[Event "Borgerhout - Eynatten 2"]
[Site "?"]
[Date "2012.12.02"]
[Round "5.1"]
[White "Docx, Stefan"]
[Black "Becker, Marcel"]
[Result "1-0"]
[WhiteElo "2442"]
[BlackElo "2424"]
[PlyCount "43"]
[EventDate "2012.12.02"]

1. d4 d5 2. c4 c6 3. Nf3 Nf6 4. Nc3 dxc4 5. a4 Bf5 6. Ne5 Nbd7 7. Nxc4 Qc7 8.
g3 e5 9. dxe5 Nxe5 10. Bf4 Nfd7 11. Bg2 g5 12. Ne3 gxf4 13. Nxf5 O-O-O 14. Qc2
Nc5 15. O-O fxg3 16. hxg3 h5 17. b4 Ne6 18. b5 h4 19. bxc6 hxg3 20. Nb5 gxf2+
21. Rxf2 Qb6 22. Rb1 1-0

[Event "Borgerhout - Eynatten 1 "]
[Site "?"]
[Date "2012.10.21"]
[Round "3.7"]
[White "Lombaerts, Peter"]
[Black "Skulener, Wladimir"]
[Result "0-1"]
[WhiteElo "2142"]
[BlackElo "2365"]
[PlyCount "40"]
[EventDate "2012.??.??"]

1. d4 f5 2. Bg5 g6 3. e3 Bg7 4. Nd2 Nf6 5. h4 d6 6. Bc4 h6 7. Bf4 Nc6 8. Qf3 e5
9. dxe5 dxe5 10. Bh2 Ng4 11. Rd1 Qe7 12. Qg3 f4 13. Qf3 fxe3 14. fxe3 Rf8 15.
Qg3 Bf6 16. Ngf3 e4 17. O-O exf3 18. Nxf3 Nce5 19. Bd5 Nxf3+ 20. Qxf3 Nxh2 0-1

[Event "Borgerhout - Eynatten 1"]
[Site "?"]
[Date "2012.10.21"]
[Round "3.3"]
[White "De Haan, Eric"]
[Black "Roeder, Mathias"]
[Result "1/2-1/2"]
[WhiteElo "2362"]
[BlackElo "2464"]
[PlyCount "43"]
[EventDate "2012.??.??"]

1. d4 Nf6 2. c4 e6 3. Nf3 d5 4. Nc3 Nbd7 5. Bg5 c6 6. e3 Qa5 7. Nd2 dxc4 8.
Bxf6 Nxf6 9. Nxc4 Qc7 10. Rc1 Be7 11. g3 O-O 12. Bg2 Rd8 13. O-O Bd7 14. Ne5
Be8 15. Na4 Rac8 16. Qb3 Bf8 17. a3 Nd5 18. Nc5 Bxc5 19. Rxc5 b6 20. Rc2 c5 21.
Rfc1 Qb8 22. Nf3 1/2-1/2

[Event "Borgerhout - Eynatten 1"]
[Site "?"]
[Date "2012.10.21"]
[Round "3.1"]
[White "Docx, Stefan"]
[Black "Swinkels, Robin"]
[Result "1/2-1/2"]
[WhiteElo "2442"]
[BlackElo "2511"]
[PlyCount "90"]
[EventDate "2012.??.??"]

1. c4 c6 2. Nf3 d5 3. g3 Bg4 4. Ne5 Bf5 5. Qb3 Nd7 6. d4 Qb6 7. Qxb6 axb6 8.
cxd5 cxd5 9. Nc3 Ngf6 10. e3 e6 11. Bb5 Bd6 12. f3 h6 13. e4 dxe4 14. fxe4 Bxe5
15. dxe5 Nxe4 16. Na4 Ra5 17. Bxd7+ Kxd7 18. Nxb6+ Kc6 19. Be3 Nc5 20. O-O Kxb6
21. b4 Ra3 22. Bxc5+ Kb5 23. Rf2 b6 24. Bd6 h5 25. Be7 Rc8 26. Rd2 Rc2 27. Rxc2
Bxc2 28. Rf1 g6 29. Rxf7 Bf5 30. Bd8 Rxa2 31. Rb7 Kxb4 32. Rxb6+ Kc5 33. Rd6
Kc4 34. Bg5 Re2 35. Bf4 Kc3 36. Rc6+ Kd3 37. Rd6+ Kc3 38. Rc6+ Kd3 39. Rd6+ Ke4
40. Rd2 Re1+ 41. Kf2 Rh1 42. h4 Bg4 43. Rd6 Rh2+ 44. Kg1 Rc2 45. Rd2 Rxd2
1/2-1/2

[Event "Borgerhout - Deurne"]
[Site "?"]
[Date "2012.12.16"]
[Round "6.8"]
[White "Mollekens, Roeland"]
[Black "Du Pont, David"]
[Result "1/2-1/2"]
[WhiteElo "2090"]
[BlackElo "2096"]
[PlyCount "28"]
[EventDate "2012.??.??"]

1. e4 e6 2. d4 d5 3. Bd3 dxe4 4. Bxe4 Nf6 5. Bf3 Be7 6. Ne2 O-O 7. O-O Nbd7 8.
Bf4 Bd6 9. Bxd6 cxd6 10. Ng3 Qc7 11. Qd3 Nb6 12. b3 Bd7 13. c4 Bc6 14. Nc3 Bxf3
1/2-1/2

[Event "Borgerhout - Deurne"]
[Site "?"]
[Date "2012.12.16"]
[Round "6.6"]
[White "Veltkamp, Gerben"]
[Black "Schuermans, Robert"]
[Result "1/2-1/2"]
[WhiteElo "2195"]
[BlackElo "2187"]
[PlyCount "93"]
[EventDate "2012.??.??"]

1. e4 e5 2. Nc3 Nf6 3. Bc4 Nxe4 4. Qh5 Nd6 5. Bb3 Nc6 6. Nb5 g6 7. Qf3 f5 8.
Qd5 Qe7 9. Nxc7+ Kd8 10. Nxa8 b6 11. Qf3 Bb7 12. Qh3 Bxa8 13. Bd5 e4 14. Ne2
Bg7 15. c4 Bb7 16. O-O Ba6 17. d3 exd3 18. Nf4 Nxc4 19. Qxd3 Nb4 20. Qd1 Ne5
21. a3 Nbd3 22. Nxd3 Nxd3 23. Bb7 Nxf2 24. Rxf2 Bxb7 25. Bf4 Qe4 26. Bg5+ Kc8
27. Re2 Qd4+ 28. Be3 Qxd1+ 29. Rxd1 Be4 30. Bd4 Bxd4+ 31. Rxd4 d5 32. Kf2 Kc7
33. Rd1 Kd6 34. Rc1 d4 35. Rd2 d3 36. Ke3 Rd8 37. Rc4 Ke5 38. Rc7 f4+ 39. Kf2
g5 40. Re7+ Kd4 41. Rxa7 g4 42. Ra4+ Ke5 43. Rb4 Rd6 44. Rb5+ Kd4 45. Rb4+ Ke5
46. Rb5+ Kd4 47. Rb4+ 1/2-1/2

[Event "Borgerhout - Deurne"]
[Site "?"]
[Date "2012.12.16"]
[Round "6.4"]
[White "Diepeveen, Vincent"]
[Black "Penson, Thierry"]
[Result "0-1"]
[WhiteElo "2314"]
[BlackElo "2214"]
[PlyCount "201"]
[EventDate "2012.??.??"]

1. e4 c5 2. Nf3 Nc6 3. d4 cxd4 4. Nxd4 Nf6 5. Nc3 d6 6. Bg5 Bd7 7. Nb3 h6 8.
Bh4 a6 9. Bd3 e6 10. Qe2 Be7 11. a4 Nb4 12. O-O g5 13. Bg3 e5 14. a5 Rc8 15.
Nd2 Be6 16. Nc4 Nd7 17. Ne3 Nc6 18. Ncd5 Nxa5 19. b4 Nc6 20. c3 Nf6 21. Rfd1
Nb8 22. Bc2 Nxd5 23. exd5 Bd7 24. c4 Kf8 25. Rac1 h5 26. h3 Qe8 27. Be4 a5 28.
c5 axb4 29. Qb2 f6 30. Qxb4 Na6 31. Qb1 Nxc5 32. Bg6 Qd8 33. f3 b5 34. Bf2 Qb6
35. Bh7 Be8 36. Bf5 Rb8 37. Qc2 Kg7 38. Rb1 Bf7 39. Rdc1 Qb7 40. Be1 Bxd5 41.
Bd3 Nxd3 42. Nf5+ Kf7 43. Qxd3 Be6 44. Nxd6+ Bxd6 45. Qxd6 Qb6+ 46. Qxb6 Rxb6
47. Rc7+ Kg6 48. Bf2 Rbb8 49. Ba7 Rbc8 50. Rxc8 Rxc8 51. Rxb5 g4 52. hxg4 hxg4
53. fxg4 Rc2 54. Rc5 Ra2 55. Bb8 Bxg4 56. Bxe5 fxe5 57. Rxe5 Bf5 58. Kh2 Kg5
59. Re3 Kh4 60. Rf3 Bg4 61. Rf8 Be2 62. Rh8+ Bh5 63. Rf8 Ra7 64. Rg8 Bg4 65.
Rh8+ Kg5 66. Rb8 Bf5 67. Rb4 Re7 68. Kg3 Re5 69. Rb8 Re3+ 70. Kf2 Ra3 71. Rb4
Bd7 72. Rc4 Kf5 73. Rc7 Be6 74. Rc5+ Kf4 75. Rc2 Bd5 76. Rd2 Be4 77. Rb2 Ra1
78. Rd2 Rc1 79. Ra2 Bc2 80. Rb2 Bd3 81. Rb4+ Bc4 82. g3+ Ke4 83. Ra4 Rc2+ 84.
Kg1 Kf3 85. Ra3+ Kg4 86. Re3 Bd5 87. Kf1 Bf3 88. Re8 Kxg3 89. Ke1 Bg4 90. Re3+
Kf4 91. Re8 Bf3 92. Rb8 Re2+ 93. Kf1 Rh2 94. Ke1 Bd5 95. Kd1 Ke3 96. Rd8 Be4
97. Kc1 Rc2+ 98. Kd1 Rb2 99. Ke1 Rh2 100. Rf8 Bc6 101. Rf7 {en zwart won in de
uitvluggerfase} 0-1

[Event "Borgerhout - Deurne"]
[Site "?"]
[Date "2012.12.16"]
[Round "6.2"]
[White "Wemmers, Xander"]
[Black "Sadkowski, Daniel"]
[Result "1-0"]
[WhiteElo "2403"]
[BlackElo "2338"]
[PlyCount "59"]
[EventDate "2012.??.??"]

1. d4 d5 2. c4 dxc4 3. e4 e5 4. Nf3 exd4 5. Bxc4 Nc6 6. O-O Be6 7. Bb5 Bc5 8.
b4 Bb6 9. a4 a6 10. Bxc6+ bxc6 11. a5 Ba7 12. Bb2 Nf6 13. Qd3 O-O 14. Rc1 Re8
15. Nbd2 Bc8 16. Rc4 Rb8 17. Ba3 Rb5 18. Re1 Nh5 19. g3 f5 20. Rxc6 Bb7 21.
Qc4+ Kh8 22. Re6 fxe4 23. Nxe4 Rf8 24. Neg5 Rxg5 25. Nxg5 Qxg5 26. Re8 Qf5 27.
Rxf8+ Qxf8 28. b5 Qd8 29. Qxc7 Qa8 30. Qxb7 1-0